000 00406nam a22001697a 4500
003 NUST - PNEC
005 20170116180840.0
008 150819b xxu||||| |||| 00| 0 eng d
020 _a-
040 _cLIBRARY
082 _a492.78242 KHA
100 _95319
_aKhan, Lutf-ur-Rehman
245 _aAsan Arabi Grammer Vol.1
260 _cc1989-1998.
650 _95320
_aGrammer
_xGeneral
942 _2ddc
_cBK
999 _c64378
_d64378